000 00566cam a22002291 4500
001 sa 63002303
003 DLC
005 20260227111933.0
008 890606s1962 ii b 000 0 hino
010 _asa 63002303
035 _a(OCoLC)19824677
040 _aDLC
_cWaU
_dDLC
042 _apremarc
050 0 0 _aG180
_b.M3
100 1 _aMāthura, Surendra.
245 1 0 _aYātrā-sāhitya kā udbhava aura vikāsa.
260 _c[1962]
300 _a390 p.
_c22 cm.
500 _aIn Hindi.
504 _aIncludes bibliography.
650 0 _aTravel
_xHistory.
999 _c54394
_d54394